000 00612nam a2200193Ia 4500
005 20250508152333.0
008 008 250505s9999 xx 000 0 eng d
037 _aTextual
040 _aFEDL
_beng
_cFEDL
041 _aeng
_2eng
084 _a371.42, WOO
_qFEDL
100 _aWoolf Maurice D
_9139970
245 0 _aStudent personnel program: Its development and integration in the high school and college
260 _aNew York, USA
_bMcGraw-Hill Book Company
_c1953
300 _aix,416p.
700 _a Woolf Jeanne A
_9761235
942 _cTEXL
_h371.42, WOO
999 _c1335786
_d1335786